NBA Team Rebounding Leaders - Statistics

General Stats
  • This quiz has been taken 319 times
    217 since last reset
  • The average score is 19 of 30
Answer Stats
Rebounds Team Player % Correct
15,091 Spurs Tim Duncan
98%
21,620 Celtics Bill Russell
97%
13,382 Rockets Hakeem Olajuwon
94%
14,601 Jazz Karl Malone
94%
7,732 Bucks G. Antetokounmpo
91%
7,249 Nuggets Nikola Jokić
90%
11,489 Mavericks Dirk Nowitzki
87%
10,718 Timberwolves Kevin Garnett
82%
10,759 Knicks Patrick Ewing
80%
6,190 Cavaliers LeBron James
77%
8,072 Magic Dwight Howard
76%
5,836 Bulls Michael Jordan
76%
13,769 Wizards Wes Unseld
75%
7,988 Clippers DeAndre Jordan
74%
5,942 Grizzlies Marc Gasol
72%
4,906 Pelicans Anthony Davis
70%
6,006 Pacers Dale Davis
70%
12,849 Hawks Bob Pettit
66%
4,776 Raptors Chris Bosh
62%
9,430 Pistons Bill Laimbeer
61%
11,463 Lakers Elgin Baylor
49%
5,434 Trail Blazers LaMarcus Aldridge
44%
12,771 Warriors Nate Thurmond
38%
5,791 Heat Udonis Haslem
37%
7,576 Nets Buck Williams
30%
11,256 76ers Dolph Schayes
28%
7,729 Thunder/SuperSonics Jack Sikma
28%
6,937 Suns Alvan Adams
19%
3,516 Hornets Emeka Okafor
9%
9,353 Kings Sam Lacey
8%
No matching quizzes found
Score Distribution
Percent of People with Each Score
Percentile by Number Answered
Your Score History
You have not taken this quiz since the last reset